The noble scholar, jurist, historian


 His Excellency Dr. Abdul Wahhab bin Ibrahim Abu Sulaiman, may Allah have mercy on him.


 He was born in Umm Al-Qura in the year 1356 AH.

فهرسة ما رواه عن شيوخه من الدواوين المصنفة في ضروب العلم وأنواع المعارف / (Record no. 13863)

MARC details
000 -LEADER
fixed length control field 02322cam a2200385 i 4500
003 - CONTROL NUMBER IDENTIFIER
control field SA-RiAUC
005 - DATE AND TIME OF LATEST TRANSACTION
control field 20260104122636.0
008 - FIXED-LENGTH DATA ELEMENTS--GENERAL INFORMATION
fixed length control field 251231s1963 le g 00100 ara c
040 ## - CATALOGING SOURCE
Original cataloging agency SA-JeALM
Language of cataloging ara
Transcribing agency SA-RiAUC
Description conventions rda
050 #4 - LIBRARY OF CONGRESS CALL NUMBER
Item number A8 1963
082 04 - DEWEY DECIMAL CLASSIFICATION NUMBER
Classification number 011
Assigning agency SA-RiAUC
090 ## - LOCALLY ASSIGNED LC-TYPE CALL NUMBER (OCLC); LOCAL CALL NUMBER (RLIN)
Classification number (OCLC) (R) ; Classification number, CALL (RLIN) (NR) 011
Local cutter number (OCLC) ; Book number/undivided call number, CALL (RLIN) ا ب ن خ
100 1# - MAIN ENTRY--PERSONAL NAME
Personal name ابن خير، محمد بن خير بن عمر،
Dates associated with a name 502-575 هجري
Relator term مؤلف.
245 10 - TITLE STATEMENT
Title فهرسة ما رواه عن شيوخه من الدواوين المصنفة في ضروب العلم وأنواع المعارف /
Statement of responsibility, etc. أبو بكر محمد بن خير بن عمر بن خليفة الأموي الإشبيلي ؛ وقف على نسخها وطبعها ومقابلتها على أصل محفوظ في خزانة الإسكوريال فرنسشكة قدارة زيدين، خليان ربارة طرغوة ؛ إِشراف زهير فتح الله.
246 31 - VARYING FORM OF TITLE
Title proper/short title Index des livres etmaitres de abou Bequer bin Khair
250 ## - EDITION STATEMENT
Edition statement الطبعة الثانية.
Remainder of edition statement منقحة ومنقطة .
264 #1 - PRODUCTION, PUBLICATION, DISTRIBUTION, MANUFACTURE, AND COPYRIGHT NOTICE
Place of production, publication, distribution, manufacture بيروت :
-- بغداد :
-- القاهرة :
Name of producer, publisher, distributor, manufacturer المكتب التجاري ؛
-- مكتبة المثني ؛
-- مؤسسة الخانجي،
Date of production, publication, distribution, manufacture, or copyright notice 1963
300 ## - PHYSICAL DESCRIPTION
Extent 579 صفحة ؛
Dimensions 24 سم.
336 ## - CONTENT TYPE
Content type term نص
Content type code txt
Source rdacontent
Materials specified كتاب
337 ## - MEDIA TYPE
Media type term بدون وسيط
Media type code n
Source rdamedia
338 ## - CARRIER TYPE
Carrier type term مجلد
Carrier type code nc
Source rdacarrier
490 1# - SERIES STATEMENT
Series statement المكتبة الأندلسية
650 #7 - SUBJECT ADDED ENTRY--TOPICAL TERM
Topical term or geographic name entry element الببليوجرافيات
Source of heading or term aucsh
650 #7 - SUBJECT ADDED ENTRY--TOPICAL TERM
Topical term or geographic name entry element الإسلام
Form subdivision فهارس
Source of heading or term aucsh
650 #7 - SUBJECT ADDED ENTRY--TOPICAL TERM
Topical term or geographic name entry element الإسلام
Form subdivision ببليوجرافيات
Source of heading or term aucsh
700 12 - ADDED ENTRY--PERSONAL NAME
Relationship information تحقيق لـ (عمل) :
Personal name ابن خير، محمد بن خير بن عمر،
Dates associated with a name 502-575 هجري.
Title of a work فهرسة ما رواه عن شيوخه من الدواوين المصنفة في ضروب العلم وأنواع المعارف
700 1# - ADDED ENTRY--PERSONAL NAME
Personal name زيدين، فرنسشكة قدارة،
Dates associated with a name 1836-1917
Relator term محقق.
700 1# - ADDED ENTRY--PERSONAL NAME
Personal name طرغوة، خليان ربارة
Relator term محقق.
700 1# - ADDED ENTRY--PERSONAL NAME
Personal name فتح الله، زهير
Relator term مشرف.
830 #2 - SERIES ADDED ENTRY--UNIFORM TITLE
Uniform title المكتبة الأندلسية (المكتب التجاري)
830 #2 - SERIES ADDED ENTRY--UNIFORM TITLE
Uniform title المكتبة الأندلسية (مكتبة المثنى)
830 #2 - SERIES ADDED ENTRY--UNIFORM TITLE
Uniform title المكتبة الأندلسية (مؤسسة الخانجي)
942 ## - ADDED ENTRY ELEMENTS (KOHA)
Source of classification or shelving scheme Dewey Decimal Classification
Koha item type Books
Suppress in OPAC No
949 ## - LOCAL PROCESSING INFORMATION (OCLC)
a SA-JeALM
d 251231
u osman123
n 1
Holdings
Withdrawn status Lost status Source of classification or shelving scheme Damaged status Not for loan Home library Current library Date acquired Total checkouts Full call number Barcode Date last seen Price effective from Koha item type
    Dewey Decimal Classification     DR AbdElwahab Library DR AbdElwahab Library 01/04/2026   011 ا ب ن خ 000022203 01/04/2026 01/04/2026 Books